Implementing peace agreements : (Registro nro. 173127)

Detalles MARC
000 -CABECERA
campo de control de longitud fija 01195nam a2200301Ia 4500
001 - NÚMERO DE CONTROL
campo de control 42440
003 - IDENTIFICADOR DEL NÚMERO DE CONTROL
campo de control 111467
005 - FECHA Y HORA DE LA ÚLTIMA TRANSACCIÓN
campo de control 20250325213528.0
008 - DATOS DE LONGITUD FIJA--INFORMACIÓN GENERAL
campo de control de longitud fija ||||||s2008 nyu gr ||| p|eng||
020 ## - NÚMERO INTERNACIONAL ESTÁNDAR DEL LIBRO
Número Internacional Estándar del Libro 9780230602595
020 ## - NÚMERO INTERNACIONAL ESTÁNDAR DEL LIBRO
Número Internacional Estándar del Libro 0230602592
040 ## - FUENTE DE LA CATALOGACIÓN
Centro catalogador/agencia de origen CO-BoESAP
Lengua de catalogación spa
Centro/agencia transcriptor CO-BoESAP
082 04 - NÚMERO DE LA CLASIFICACIÓN DECIMAL DEWEY
Número de clasificación 327.2
Número de documento/Ítem B34i
100 1# - ENTRADA PRINCIPAL--NOMBRE DE PERSONA
Nombre de persona Bekoe, Dorina Akosua Oduraa
Término indicativo de función/relación autor
9 (RLIN) 218772
245 10 - MENCIÓN DE TÍTULO
Título Implementing peace agreements :
Resto del título lessons from Mozambique, Angola, and Liberia /
Mención de responsabilidad, etc. Dorina A. Bekoe.
250 ## - MENCIÓN DE EDICIÓN
Mención de edición First edition.
260 ## - PUBLICACIÓN, DISTRIBUCIÓN, ETC.
Lugar de publicación, distribución, etc. New York :
Nombre del editor, distribuidor, etc. PALGRAVE MACMILLAN,
Fecha de publicación, distribución, etc. 2008.
300 ## - DESCRIPCIÓN FÍSICA
Extensión 218 páginas
500 ## - NOTA GENERAL
Nota general Incluye índice.
504 ## - NOTA DE BIBLIOGRAFÍA, ETC.
Nota de bibliografía, etc. Bibliografía : p.183-207.
520 1# - SUMARIO, ETC.
Sumario, etc. This book critically investigates the conditions facing the warring parties during the implementation of peace agreements in Mozambique, Angola and Liberia, as successes and failures in these countries highlight incentives for the international community to keep peace processes from faltering.
526 ## - NOTA DE INFORMACIÓN SOBRE EL PROGRAMA DE ESTUDIO
Nombre del programa 1698 - ESPECIALIZACIÓN EN DERECHOS HUMANOS - A distancia
526 ## - NOTA DE INFORMACIÓN SOBRE EL PROGRAMA DE ESTUDIO
Nombre del programa 51868 - ADMINISTRACIÓN PÚBLICA - Presencial
650 10 - PUNTO DE ACCESO ADICIONAL DE MATERIA--TÉRMINO DE MATERIA
Término de materia o nombre geográfico como elemento de entrada Diplomacia
9 (RLIN) 5026
650 20 - PUNTO DE ACCESO ADICIONAL DE MATERIA--TÉRMINO DE MATERIA
Término de materia o nombre geográfico como elemento de entrada Relaciones económicas internacionales
9 (RLIN) 5461
650 20 - PUNTO DE ACCESO ADICIONAL DE MATERIA--TÉRMINO DE MATERIA
Término de materia o nombre geográfico como elemento de entrada Relaciones internacionales
9 (RLIN) 511
942 ## - ELEMENTOS DE PUNTO DE ACCESO ADICIONAL (KOHA)
Tipo de ítem Koha Libro
Fuente del sistema de clasificación o colocación Clasificación Local
Existencias
Estado de retiro Estado de pérdida Fuente del sistema de clasificación o colocación Estado dañado No para préstamo Código de colección Localización permanente Ubicación/localización actual Fecha de adquisición Fuente de adquisición Forma de adquisición Coste, precio normal de compra Total de préstamos Signatura topográfica completa Código de barras Fecha visto por última vez Número de copia Precio válido a partir de Tipo de ítem Koha
    Dewey Decimal Classification     General Bogotá - Sede Central Bogotá - Sede Central 16/08/2024 María Victoria Whittingham Donación 40000.00   327.2 B34i 141472 22/02/2026 1 16/08/2024 Libro